[Event "CHN-ch TT"]
[Site "Suzhou"]
[Date "2001.03.28"]
[Round "3"]
[White "Bu Xiangzhi"]
[Black "Li Zunian"]
[Result "1/2-1/2"]
[WhiteElo "2558"]
[BlackElo "2413"]
[PlyCount "120"]
[EventDate "2001.03.02"]
[EventType "team"]
[EventRounds "10"]
[EventCountry "CHN"]
[Source "Fruth,M"]
[SourceDate "2003.05.15"]

1. d4 d5 2. c4 e6 3. Nc3 Be7 4. Nf3 Nf6 5. Bg5 O-O 6. e3 h6 7. Bh4 b6 8. cxd5
Nxd5 9. Bxe7 Qxe7 10. Rc1 Bb7 11. Bd3 Rc8 12. Nxd5 Bxd5 13. O-O c5 14. dxc5
Rxc5 15. Rxc5 Qxc5 16. Qd2 Nc6 17. Rc1 Qd6 18. Bc4 Rd8 19. Bxd5 Qxd5 20. Qxd5
Rxd5 21. Kf1 Rd6 22. Ke2 Kf8 23. Nd2 Nb4 24. a3 Rc6 25. Rc4 Rxc4 26. Nxc4 Nc6
27. Kd3 b5 28. Nd6 a6 29. f4 Ke7 30. Nb7 Nb8 31. e4 Kd7 32. e5 f5 33. Kd4 g5
34. g3 Nc6+ 35. Kc5 Kc7 36. Nd6 gxf4 37. gxf4 Ne7 38. Ne8+ Kd7 39. Ng7 Ng6 40.
Nh5 Kc7 41. b3 Nf8 42. Ng7 Nd7+ 43. Kb4 Nf8 44. Ka5 Kb7 45. h3 Ka7 46. h4 Ng6
47. Nxe6 Nxh4 48. Ng7 Ng6 49. e6 Ne7 50. Kb4 Kb6 51. Kc3 Kc5 52. b4+ Kd5 53.
Kd3 h5 54. Nxh5 Kxe6 55. Kd4 Kd6 56. Ng7 Nc6+ 57. Kc3 Ne7 58. Kd3 Kd5 59. Ne8
Kc6 60. Kd4 Ng6 1/2-1/2

[Event "ROM-ch TT"]
[Site "Sovata"]
[Date "2001.03.22"]
[Round "2"]
[White "Itkis, Boris"]
[Black "Negulescu, Adrian"]
[Result "1-0"]
[WhiteElo "2416"]
[BlackElo "2510"]
[PlyCount "141"]
[EventDate "2001.03.21"]
[EventType "team"]
[EventRounds "5"]
[EventCountry "ROM"]
[Source "Fruth,M"]
[SourceDate "2003.05.15"]

1. Nf3 d5 2. d4 Nf6 3. c4 e6 4. Nc3 Be7 5. Bg5 h6 6. Bh4 O-O 7. e3 b6 8. Qb3
Bb7 9. Bxf6 Bxf6 10. cxd5 exd5 11. Bd3 Nd7 12. Nxd5 Bxd5 13. Qxd5 Ne5 14. Qxd8
Nxf3+ 15. gxf3 Raxd8 16. Ke2 Rfe8 17. Rac1 Bxd4 18. Rxc7 Bxb2 19. Rxa7 Ra8 20.
Rd7 Ba3 21. Rb1 Re7 22. Rd5 Bc5 23. Bc4 Ra4 24. Rc1 g6 25. f4 Raa7 26. Rcd1 Ra4
27. Rc1 Kg7 28. Rc2 Rb4 29. h4 h5 30. Kf3 Rb1 31. Kg2 Rb4 32. Rc1 Ra4 33. Bb3
Raa7 34. Rcd1 Kf6 35. Kf3 Rac7 36. f5 Re5 37. Rxe5 Kxe5 38. fxg6 fxg6 39. Rg1
Kf6 40. Bc2 Rg7 41. Rg5 Kf7 42. Kg3 Be7 43. Rb5 Bc5 44. a4 Ke6 45. Rb1 Rd7 46.
Kf3 Kf7 47. Rg1 Rd6 48. Bb3+ Kg7 49. Ke2 Rf6 50. f4 Be7 51. Bd5 Rd6 52. e4 Bxh4
53. Kf3 g5 54. fxg5 Kg6 55. Kf4 Bf2 56. Rd1 Rd7 57. e5 Kg7 58. Ke4 Bc5 59. e6
Ra7 60. Bc6 Be7 61. Rd5 Rc7 62. Rf5 Rxc6 63. Rf7+ Kg6 64. Rxe7 Rc4+ 65. Ke5
Rxa4 66. Re8 Ra1 67. Rg8+ Kh7 68. Rd8 Re1+ 69. Kd6 Rd1+ 70. Kc7 Re1 71. Kd7 1-0

[Event "Dos Hermanas Internet KO"]
[Site "ICC INT"]
[Date "2001.04.06"]
[Round "2.2"]
[White "Soppe, Guillermo"]
[Black "Rustemov, Alexander"]
[Result "1/2-1/2"]
[WhiteElo "2474"]
[BlackElo "2620"]
[PlyCount "70"]
[EventDate "2001.04.06"]
[EventType "k.o."]
[EventRounds "5"]
[Source "Fruth,M"]
[SourceDate "2003.05.15"]

1. d4 d5 2. c4 e6 3. Nc3 Be7 4. Nf3 Nf6 5. Bg5 h6 6. Bh4 O-O 7. e3 b6 8. cxd5
Nxd5 9. Bxe7 Qxe7 10. Nxd5 exd5 11. Rc1 Be6 12. Bd3 c5 13. dxc5 bxc5 14. O-O
Nd7 15. e4 d4 16. Bb1 Rfb8 17. b3 a5 18. Nd2 a4 19. f4 f6 20. Qc2 axb3 21. axb3
Kh8 22. e5 Bg8 23. Nc4 fxe5 24. fxe5 Rf8 25. Rxf8 Rxf8 26. Re1 Qe6 27. Qe4 Nb6
28. Nxb6 Qxb6 29. e6 Re8 30. e7 c4 31. bxc4 d3+ 32. Kh1 d2 33. Rd1 Qd6 34. Qd3
Qxd3 35. Bxd3 Rxe7 1/2-1/2

[Event "DEN-ch"]
[Site "Nyborg"]
[Date "2001.04.15"]
[Round "9"]
[White "Pedersen, Steffen"]
[Black "Schandorff, Lars"]
[Result "1/2-1/2"]
[WhiteElo "2463"]
[BlackElo "2511"]
[PlyCount "24"]
[EventDate "2001.04.07"]
[EventType "tourn"]
[EventRounds "9"]
[EventCountry "DEN"]
[EventCategory "8"]
[Source "Fruth,M"]
[SourceDate "2003.05.15"]

1. d4 d5 2. c4 e6 3. Nc3 Be7 4. Nf3 Nf6 5. Bg5 h6 6. Bh4 O-O 7. e3 b6 8. Rc1
Bb7 9. Bxf6 Bxf6 10. cxd5 exd5 11. b4 c6 12. Bd3 Re8 1/2-1/2

[Event "Dos Hermanas IM IT"]
[Site "Dos Hermanas"]
[Date "2001.04.20"]
[Round "2"]
[White "Matamoros Franco, Carlos S"]
[Black "Franco Ocampos, Zenon"]
[Result "1/2-1/2"]
[WhiteElo "2467"]
[BlackElo "2487"]
[PlyCount "22"]
[EventDate "2001.04.19"]
[EventType "tourn"]
[EventRounds "9"]
[EventCountry "ESP"]
[EventCategory "4"]
[Source "Fruth,M"]
[SourceDate "2003.05.15"]

1. d4 d5 2. c4 e6 3. Nc3 Nf6 4. Bg5 Be7 5. e3 h6 6. Bh4 O-O 7. Nf3 b6 8. Bd3
Bb7 9. O-O Nbd7 10. Qe2 Ne4 11. Bg3 c5 1/2-1/2

[Event "YUG-ch TT"]
[Site "Herceg Novi"]
[Date "2001.05.??"]
[Round "11"]
[White "Blagojevic, Dragisa"]
[Black "Damljanovic, Branko"]
[Result "1/2-1/2"]
[WhiteElo "2486"]
[BlackElo "2561"]
[PlyCount "21"]
[EventDate "2001.05.??"]
[EventType "team"]
[EventRounds "11"]
[EventCountry "YUG"]
[Source "Fruth,M"]
[SourceDate "2003.05.15"]

1. d4 d5 2. c4 e6 3. Nf3 Nf6 4. Nc3 Be7 5. Bg5 h6 6. Bh4 O-O 7. e3 b6 8. cxd5
Nxd5 9. Bxe7 Qxe7 10. Nxd5 exd5 11. Rc1 1/2-1/2

[Event "YUG-ch TT"]
[Site "Herceg Novi"]
[Date "2001.05.??"]
[Round "11"]
[White "Zontakh, Andrey"]
[Black "Hracek, Zbynek"]
[Result "1/2-1/2"]
[WhiteElo "2529"]
[BlackElo "2602"]
[PlyCount "31"]
[EventDate "2001.05.??"]
[EventType "team"]
[EventRounds "11"]
[EventCountry "YUG"]
[Source "Fruth,M"]
[SourceDate "2003.05.15"]

1. d4 Nf6 2. c4 e6 3. Nf3 d5 4. Nc3 Be7 5. Bg5 h6 6. Bh4 O-O 7. e3 b6 8. Be2
Bb7 9. Bxf6 Bxf6 10. cxd5 exd5 11. b4 c6 12. O-O a5 13. bxa5 Rxa5 14. a4 Nd7
15. Qb3 Be7 16. Rfd1 1/2-1/2

[Event "Poikovsky Karpov mem IT"]
[Site "Poikovsky"]
[Date "2001.05.09"]
[Round "9"]
[White "Morovic Fernandez, Ivan"]
[Black "Lputian, Smbat G"]
[Result "0-1"]
[WhiteElo "2565"]
[BlackElo "2607"]
[PlyCount "74"]
[EventDate "2001.05.05"]
[EventType "tourn"]
[EventRounds "9"]
[EventCountry "RUS"]
[EventCategory "15"]
[Source "Fruth,M"]
[SourceDate "2003.05.15"]

1. d4 e6 2. c4 d5 3. Nf3 Nf6 4. Nc3 Be7 5. Bg5 h6 6. Bh4 O-O 7. e3 b6 8. Be2
Bb7 9. Bxf6 Bxf6 10. cxd5 exd5 11. b4 c6 12. O-O a5 13. bxa5 Rxa5 14. Re1 Nd7
15. a4 Re8 16. Qb3 Ba6 17. Bxa6 Rxa6 18. Rac1 Re6 19. e4 dxe4 20. Rxe4 Nf8 21.
Ne5 Ra7 22. f4 Rd6 23. Qc4 Bxe5 24. fxe5 Rg6 25. d5 Qg5 26. Qf1 cxd5 27. Nxd5
Ne6 28. Rd1 Nc5 29. Re2 Rxa4 30. Rf2 Qxe5 31. Rxf7 Kh7 32. Rf5 Qe6 33. Rf8 Rg5
34. Rd8 Ra2 35. g3 Rf5 36. Qc4 Rff2 37. Nf6+ Rxf6 0-1

[Event "RUS-ch TT"]
[Site "Tomsk"]
[Date "2001.05.17"]
[Round "5"]
[White "Diu, Viacheslav"]
[Black "Rustemov, Alexander"]
[Result "1/2-1/2"]
[WhiteElo "2445"]
[BlackElo "2625"]
[PlyCount "79"]
[EventDate "2001.05.13"]
[EventType "team"]
[EventRounds "8"]
[EventCountry "RUS"]
[Source "Fruth,M"]
[SourceDate "2003.05.15"]

1. d4 e6 2. c4 d5 3. Nc3 Be7 4. Nf3 Nf6 5. Bg5 h6 6. Bh4 O-O 7. e3 b6 8. Rc1
Bb7 9. Bxf6 Bxf6 10. cxd5 exd5 11. b4 c6 12. Qb3 a5 13. a3 axb4 14. axb4 Qd6
15. Be2 Be7 16. Rb1 b5 17. O-O Na6 18. Na2 Ra7 19. Ne5 Rfa8 20. Rfc1 Nb8 21.
Nc3 Na6 22. Bxb5 Nxb4 23. Bf1 Bc8 24. Qd1 Qf6 25. Ra1 Bf5 26. Rxa7 Rxa7 27. Ra1
Rb7 28. Nd3 g6 29. Rb1 Kg7 30. Qd2 Ra7 31. Rxb4 Bxd3 32. Ra4 Rxa4 33. Nxa4 Bxf1
34. Kxf1 Qf5 35. Qd1 Bd6 36. Kg1 Qc8 37. g3 h5 38. h4 Qh3 39. Qf3 Be7 40. Qf4
1/2-1/2

[Event "EU-ch 2"]
[Site "Ohrid"]
[Date "2001.06.02"]
[Round "2"]
[White "Jobava, Baadur"]
[Black "Jussupow, Artur"]
[Result "1/2-1/2"]
[WhiteElo "2543"]
[BlackElo "2645"]
[PlyCount "141"]
[EventDate "2001.06.01"]
[EventRounds "13"]
[EventCountry "FRM"]
[Source "Fruth,M"]
[SourceDate "2003.05.15"]

1. d4 Nf6 2. c4 e6 3. Nc3 d5 4. Bg5 Be7 5. e3 h6 6. Bh4 O-O 7. Nf3 b6 8. Rc1
Bb7 9. Bxf6 Bxf6 10. cxd5 exd5 11. Bd3 Nd7 12. O-O c5 13. Bf5 Re8 14. Qa4 Nf8
15. Rfd1 Ne6 16. dxc5 bxc5 17. Qb3 Rb8 18. Nxd5 Bxd5 19. Rxd5 Rxb3 20. Rxd8
Rxd8 21. axb3 Bxb2 22. Rb1 Bc3 23. Kf1 Nc7 24. Rc1 Nb5 25. Ne1 Bb4 26. Nd3 Nc3
27. Nxc5 Bxc5 28. Rxc3 Bb6 29. Ke2 Kf8 30. Rc4 Rd6 31. Bd3 Ke7 32. Rh4 Rc6 33.
Bc4 Rc5 34. Re4+ Kf8 35. Rf4 f6 36. g3 Ke7 37. Bd3 g5 38. Rb4 f5 39. Kf3 Rd5
40. Ke2 Kf6 41. Rc4 Rc5 42. Rd4 Re5 43. Rd6+ Re6 44. Rd5 Re5 45. Rd7 f4 46. Rh7
fxe3 47. Rxh6+ Kg7 48. Rg6+ Kf7 49. f4 gxf4 50. gxf4 Rh5 51. Rg2 Kf6 52. Kf3
Rh3+ 53. Ke4 Rh7 54. Rc2 Re7+ 55. Kf3 Rc7 56. Rxc7 Bxc7 57. Kxe3 Ke6 58. Kf3 a5
59. Kg4 Bd8 60. h4 Bf6 61. h5 Bb2 62. Kg5 Ke7 63. h6 Ba1 64. Bc4 Bb2 65. Kf5
Kd6 66. h7 Ba1 67. Ke4 Kc5 68. Bg8 Bh8 69. Bd5 Kd6 70. f5 Bf6 71. Be6 1/2-1/2

[Event "EU-ch 2"]
[Site "Ohrid"]
[Date "2001.06.03"]
[Round "3"]
[White "Mitkov, Marjan"]
[Black "Narciso Dublan, Marc"]
[Result "0-1"]
[WhiteElo "2424"]
[BlackElo "2544"]
[PlyCount "132"]
[EventDate "2001.06.01"]
[EventRounds "13"]
[EventCountry "FRM"]
[Source "Fruth,M"]
[SourceDate "2003.05.15"]

1. d4 d5 2. Nf3 Nf6 3. c4 e6 4. Nc3 Be7 5. Bg5 h6 6. Bh4 O-O 7. e3 b6 8. Qb3
Bb7 9. Bxf6 Bxf6 10. cxd5 exd5 11. Rd1 c6 12. Bd3 Na6 13. Bb1 Re8 14. Qc2 g6
15. h4 h5 16. Ne2 Qd6 17. Ng5 Nc7 18. Nxf7 Kxf7 19. Qxg6+ Ke7 20. Ng3 Kd8 21.
Nxh5 Be7 22. Nf4 Ba6 23. a3 Bf6 24. g4 Re7 25. Nh5 Ne8 26. g5 Bh8 27. Qxd6+
Nxd6 28. Nf4 Kc7 29. b3 Bc8 30. Rc1 Kb7 31. Ng6 Rg7 32. Ne5 Bf5 33. Bxf5 Nxf5
34. Rxc6 Re7 35. Rc3 Bxe5 36. dxe5 Rxe5 37. Kd2 d4 38. Rd3 dxe3+ 39. fxe3 Ng3
40. Rc1 Ne4+ 41. Ke2 Nc5 42. Rdc3 a5 43. b4 axb4 44. axb4 Ne6 45. Rc4 Ra3 46.
R1c3 Rxc3 47. Rxc3 Re4 48. Rc1 Rxh4 49. Rg1 Rh7 50. g6 Rg7 51. b5 Nf8 52. Rf1
Nxg6 53. e4 Ne5 54. Ke3 Rd7 55. Rf5 Nc4+ 56. Kf4 Re7 57. e5 Na3 58. Kg5 Nxb5
59. Kf6 Nd4 60. Kxe7 Nxf5+ 61. Ke6 Ne3 62. Kd7 b5 63. Kd6 Kb6 64. e6 Nf5+ 65.
Ke5 Ne7 66. Kd6 Ng6 0-1

[Event "EU-ch 2"]
[Site "Ohrid"]
[Date "2001.06.04"]
[Round "4"]
[White "Kacheishvili, Giorgi"]
[Black "Arlandi, Ennio"]
[Result "1/2-1/2"]
[WhiteElo "2570"]
[BlackElo "2423"]
[PlyCount "35"]
[EventDate "2001.06.01"]
[EventRounds "13"]
[EventCountry "FRM"]
[Source "Fruth,M"]
[SourceDate "2003.05.15"]

1. d4 d5 2. c4 e6 3. Nc3 Be7 4. Nf3 Nf6 5. Bg5 O-O 6. e3 h6 7. Bh4 b6 8. Bd3
Bb7 9. O-O Nbd7 10. Qe2 c5 11. Rad1 Ne4 12. Bg3 cxd4 13. exd4 Nxg3 14. hxg3
dxc4 15. Bxc4 Nf6 16. Ne5 Nd5 17. f4 Bb4 18. Ne4 1/2-1/2

[Event "EU-ch 2"]
[Site "Ohrid"]
[Date "2001.06.10"]
[Round "9"]
[White "Piket, Jeroen"]
[Black "Yegiazarian, Arsen"]
[Result "1/2-1/2"]
[WhiteElo "2628"]
[BlackElo "2529"]
[PlyCount "84"]
[EventDate "2001.06.01"]
[EventRounds "13"]
[EventCountry "FRM"]
[Source "Fruth,M"]
[SourceDate "2003.05.15"]

1. d4 Nf6 2. c4 e6 3. Nf3 d5 4. Nc3 Be7 5. Bg5 h6 6. Bh4 O-O 7. e3 b6 8. Be2
Bb7 9. Bxf6 Bxf6 10. cxd5 exd5 11. O-O c5 12. dxc5 bxc5 13. Qb3 Bc6 14. Rfd1
Nd7 15. Bb5 Rb8 16. Bxc6 Rxb3 17. axb3 Bxc3 18. bxc3 Nf6 19. c4 d4 20. exd4
cxd4 21. Rxd4 Qb6 22. Bb5 Qc5 23. h3 Rc8 24. b4 Qxb4 25. Rxa7 Qb1+ 26. Kh2 Qf1
27. Ra2 g5 28. Ne5 Rc7 29. Bc6 Kg7 30. Bf3 Qe1 31. Re2 Qa1 32. Red2 h5 33. Bd5
Re7 34. f4 g4 35. g3 gxh3 36. Bf3 Ra7 37. Kxh3 Ra3 38. Kg2 Rc3 39. R4d3 Rc1 40.
Rd1 Rc2+ 41. R1d2 Rc1 42. Rd1 Rc2+ 1/2-1/2

[Event "EU-ch 2"]
[Site "Ohrid"]
[Date "2001.06.14"]
[Round "13"]
[White "Greenfeld, Alon"]
[Black "Gurevich, Mikhail"]
[Result "0-1"]
[WhiteElo "2570"]
[BlackElo "2688"]
[PlyCount "96"]
[EventDate "2001.06.01"]
[EventRounds "13"]
[EventCountry "FRM"]
[Source "Fruth,M"]
[SourceDate "2003.05.15"]

1. d4 Nf6 2. c4 e6 3. Nf3 d5 4. Nc3 Be7 5. Bg5 h6 6. Bh4 O-O 7. e3 b6 8. Be2
Bb7 9. Bxf6 Bxf6 10. cxd5 exd5 11. b4 c6 12. O-O a5 13. bxa5 Rxa5 14. a4 Bc8
15. Qc2 Be6 16. Rfd1 Nd7 17. h3 Be7 18. Bd3 Re8 19. Ne2 Qa8 20. Rdc1 c5 21. Bb5
Rc8 22. Nf4 Nf8 23. Ne5 Rc7 24. Nxe6 fxe6 25. Ng6 Bf6 26. Rab1 Raa7 27. Nxf8
Kxf8 28. Qg6 cxd4 29. exd4 Qc8 30. Re1 Rc3 31. Re3 Rxe3 32. fxe3 Rc7 33. Kh2
Rc3 34. Rf1 Ke7 35. Rf3 Qb8+ 36. g3 Qc8 37. h4 Rc2+ 38. Kh3 e5+ 39. g4 e4 40.
Rxf6 gxf6 41. Qh7+ Kd6 42. Qxh6 Rf2 43. h5 Qg8 44. Kg3 Rf3+ 45. Kh4 Ke7 46. Be2
Rf2 47. Bb5 Ke6 48. Qg6 Rh2+ 0-1

[Event "Fourmies op"]
[Site "Fourmies"]
[Date "2001.06.03"]
[Round "5"]
[White "Mollov, Elin"]
[Black "Shchekachev, Andrei"]
[Result "0-1"]
[WhiteElo "2415"]
[BlackElo "2543"]
[PlyCount "84"]
[EventDate "2001.06.02"]
[EventType "swiss"]
[EventRounds "6"]
[EventCountry "FRA"]
[Source "Fruth,M"]
[SourceDate "2003.05.15"]

1. d4 Nf6 2. c4 e6 3. Nf3 d5 4. Bg5 Be7 5. Nc3 h6 6. Bh4 O-O 7. e3 b6 8. cxd5
Nxd5 9. Bxe7 Qxe7 10. Nxd5 exd5 11. Rc1 Be6 12. Qa4 c5 13. Qa3 Rc8 14. Be2 a5
15. O-O Nd7 16. dxc5 bxc5 17. Nd4 Nf6 18. Bf3 Bg4 19. Bxg4 Nxg4 20. h3 Nf6 21.
Rfd1 Rab8 22. Nb3 Rb4 23. Qxa5 c4 24. Rd2 Rcb8 25. Nd4 Qb7 26. Nf5 Kh7 27. b3
Ne4 28. Rd4 g6 29. Rxe4 dxe4 30. Nd6 Qe7 31. Nxc4 R4b5 32. Qa6 Rd5 33. g3 Kg7
34. Kg2 h5 35. Na5 Rbd8 36. Nc6 Qf6 37. Qf1 Rd1 38. Rxd1 Qf3+ 39. Kh2 Rxd1 40.
Qg2 Rd2 41. Qxf3 exf3 42. Kg1 Rxa2 0-1

[Event "IND-ch"]
[Site "New Delhi"]
[Date "2001.06.05"]
[Round "8"]
[White "Sasikiran, Krishnan"]
[Black "Thipsay, Praveen Mahadeo"]
[Result "1-0"]
[WhiteElo "2611"]
[BlackElo "2453"]
[PlyCount "75"]
[EventDate "2001.06.02"]
[EventType "swiss"]
[EventRounds "18"]
[EventCountry "IND"]
[EventCategory "7"]
[Source "Fruth,M"]
[SourceDate "2003.05.15"]

1. d4 Nf6 2. c4 e6 3. Nf3 d5 4. Nc3 Be7 5. Bg5 O-O 6. e3 h6 7. Bh4 b6 8. Be2
Bb7 9. Bxf6 Bxf6 10. cxd5 exd5 11. b4 c6 12. O-O Re8 13. Qb3 Qd6 14. Rfe1 Nd7
15. a4 Nf8 16. Bf1 Ne6 17. g3 Rad8 18. Red1 Qb8 19. Rab1 Re7 20. Bg2 Ree8 21.
Ne1 h5 22. Nd3 h4 23. Ne2 hxg3 24. hxg3 Ba8 25. Rbc1 Qd6 26. a5 Bb7 27. Ra1 b5
28. a6 Bc8 29. Qc3 Bd7 30. Ne5 Bxe5 31. dxe5 Qe7 32. f4 Rb8 33. e4 dxe4 34.
Bxe4 Rb6 35. Nd4 Nxd4 36. Qxd4 f6 37. Bg6 fxe5 38. Qc5 1-0

[Event "St.Petersburg White Nights op"]
[Site "St.Petersburg"]
[Date "2001.06.14"]
[Round "6"]
[White "Popov, Valerij"]
[Black "Polovodin, Igor A"]
[Result "1-0"]
[WhiteElo "2545"]
[BlackElo "2438"]
[PlyCount "93"]
[EventDate "2001.06.09"]
[EventType "swiss"]
[EventRounds "9"]
[EventCountry "RUS"]
[Source "Fruth,M"]
[SourceDate "2003.05.15"]

1. Nf3 Nf6 2. c4 e6 3. Nc3 d5 4. d4 Be7 5. Bg5 h6 6. Bh4 O-O 7. e3 b6 8. cxd5
Nxd5 9. Bxe7 Qxe7 10. Nxd5 exd5 11. Be2 Be6 12. O-O c5 13. dxc5 bxc5 14. Qa4
Nd7 15. Rac1 a5 16. Qa3 Rfc8 17. Nd4 Kf8 18. Nxe6+ fxe6 19. e4 c4 20. Qf3+ Qf7
21. Qh3 Nf6 22. exd5 exd5 23. b3 Rc7 24. bxc4 dxc4 25. Qa3+ Kg8 26. Rc2 Kh8 27.
Rfc1 Rac8 28. Qxa5 c3 29. Qf5 Rc5 30. Qf3 Qe6 31. h3 Qe5 32. Ba6 R8c6 33. Bb5
Rc8 34. Ba6 R8c6 35. Bd3 Rc8 36. Rb1 Qd4 37. Bf5 Rd8 38. Rbc1 Qe5 39. Rxc3 Rxc3
40. Rxc3 Rb8 41. a3 Nd5 42. Rc8+ Rxc8 43. Bxc8 Nf4 44. g3 Ne2+ 45. Kg2 Nd4 46.
Qa8 Kh7 47. Bb7 1-0

[Event "Mercosur Cup IT 4"]
[Site "Vicente Lopez"]
[Date "2001.07.02"]
[Round "8"]
[White "Slipak, Sergio"]
[Black "Valerga, Diego"]
[Result "1/2-1/2"]
[WhiteElo "2448"]
[BlackElo "2468"]
[PlyCount "39"]
[EventDate "2001.06.23"]
[EventType "tourn"]
[EventRounds "11"]
[EventCountry "ARG"]
[EventCategory "8"]
[Source "Fruth,M"]
[SourceDate "2003.05.15"]

1. d4 d5 2. c4 e6 3. Nf3 Nf6 4. Bg5 Be7 5. Nc3 h6 6. Bh4 O-O 7. e3 b6 8. Rc1
Bb7 9. a3 Nbd7 10. cxd5 exd5 11. Bd3 Ne4 12. Bxe7 Qxe7 13. O-O c5 14. dxc5 Nxc3
15. Rxc3 bxc5 16. b4 c4 17. Bb1 a5 18. b5 Nc5 19. Nd4 Qf6 20. Qg4 1/2-1/2

[Event "Batumi op"]
[Site "Batumi"]
[Date "2001.06.30"]
[Round "5"]
[White "Supatashvili, Khvicha"]
[Black "Yegiazarian, Arsen"]
[Result "1-0"]
[WhiteElo "2469"]
[BlackElo "2529"]
[PlyCount "81"]
[EventDate "2001.06.26"]
[EventType "swiss"]
[EventRounds "9"]
[EventCountry "GEO"]
[Source "Fruth,M"]
[SourceDate "2003.05.15"]

1. d4 d5 2. c4 e6 3. Nc3 Be7 4. Nf3 Nf6 5. Bg5 O-O 6. e3 h6 7. Bh4 b6 8. Bd3
Bb7 9. O-O Nbd7 10. Qe2 c5 11. Bg3 Ne4 12. cxd5 exd5 13. Rad1 Nxg3 14. hxg3 Bf6
15. Bb1 g6 16. Qd2 Rc8 17. Nb5 Ba6 18. a4 cxd4 19. Nfxd4 Bxd4 20. Qxd4 Nc5 21.
Ba2 Qd7 22. Qb4 Bb7 23. Nc3 Rfd8 24. Bxd5 Ba6 25. Bc4 Qb7 26. Bxa6 Qxa6 27.
Rxd8+ Rxd8 28. Qh4 Rd2 29. Qxh6 Qc8 30. b4 Nd7 31. Ne4 Rd5 32. Qf4 Qc2 33. Nd6
Ne5 34. Qe4 Qc6 35. Nb5 f5 36. Qh4 Rd7 37. Nd4 Qd6 38. Qf4 Re7 39. b5 Qf6 40.
Nf3 Nd3 41. Qc4+ 1-0

[Event "Dortmund op A"]
[Site "Dortmund"]
[Date "2001.??.??"]
[Round "9"]
[White "Pinter, Jozsef"]
[Black "Lobzhanidze, Davit"]
[Result "0-1"]
[WhiteElo "2569"]
[BlackElo "2512"]
[PlyCount "56"]
[EventDate "2001.07.??"]
[EventType "swiss"]
[EventRounds "11"]
[EventCountry "GER"]
[Source "Fruth,M"]
[SourceDate "2003.05.15"]

1. d4 d5 2. c4 e6 3. Nc3 Be7 4. Nf3 Nf6 5. Bg5 h6 6. Bh4 O-O 7. e3 b6 8. Rc1
Bb7 9. Bd3 Nbd7 10. O-O c5 11. Qe2 Ne4 12. Bxe7 Qxe7 13. cxd5 exd5 14. Rfd1
Rad8 15. b3 f5 16. Bb5 f4 17. Bxd7 Rxd7 18. Ne5 Rd6 19. f3 Ng5 20. exf4 Rxf4
21. dxc5 bxc5 22. Ng6 Nh3+ 23. Kf1 Qxe2+ 24. Nxe2 Rxg6 25. Nxf4 Nxf4 26. Rxc5
Ba6+ 27. Kf2 Rxg2+ 28. Ke3 Ne6 0-1

[Event "Sundsvall Schackdator Computer match"]
[Site "SSDF"]
[Date "2001.09.22"]
[Round "4"]
[White "NIMZO 98"]
[Black "CHESS TIGER 14.0"]
[Result "0-1"]
[WhiteElo "2426"]
[BlackElo "2700"]
[PlyCount "138"]
[EventDate "2001.07.12"]
[EventType "match"]
[EventRounds "40"]
[EventCountry "SWE"]
[Source "Fruth,M"]
[SourceDate "2003.05.15"]

1. d4 Nf6 2. Nf3 d5 3. c4 e6 4. Nc3 Be7 5. Bg5 h6 6. Bh4 O-O 7. e3 b6 8. Bd3
Bb7 9. O-O Nbd7 10. Qe2 c5 11. Rfd1 Ne4 12. Bg3 cxd4 13. Nxd4 Nxc3 14. bxc3 Nc5
15. Bc2 Ba6 16. Nb5 Bxb5 17. cxb5 Bf6 18. Qd2 Qc8 19. a4 a6 20. Rac1 axb5 21.
axb5 Rd8 22. h3 Na4 23. Bd3 Qc5 24. Rc2 Nxc3 25. Bh4 g5 26. Bg3 d4 27. Re1 dxe3
28. Qxe3 Qd5 29. Be4 Nxe4 30. Qxe4 Qxe4 31. Rxe4 Ra5 32. Rb4 Rd5 33. Rc6 Bd4
34. Rxd4 Rxd4 35. Rxb6 Rd1+ 36. Kh2 Rb1 37. Rb8+ Kh7 38. b6 e5 39. b7 Rd5 40.
Re8 Rxb7 41. Bxe5 Rd2 42. Kg3 Kg6 43. Ra8 Rb3+ 44. f3 Rb6 45. Rg8+ Kh5 46. Rb8
Rxb8 47. Bxb8 Kg6 48. f4 Kf5 49. fxg5 hxg5 50. Kf3 Rd3+ 51. Ke2 Ke4 52. Be5
Rxh3 53. Bd6 Rc3 54. g3 f5 55. Kf2 f4 56. gxf4 gxf4 57. Bb8 Rc2+ 58. Ke1 Kf3
59. Kd1 Rf2 60. Bd6 Kg2 61. Bxf4 Rxf4 62. Kd2 Rf3 63. Kd1 Rf2 64. Kc1 Kf3 65.
Kd1 Ke3 66. Kc1 Kd3 67. Kb1 Kc3 68. Ka1 Kb3 69. Kb1 Rf1# 0-1

[Event "Bucharest Strange Badger IT"]
[Site "Bucharest"]
[Date "2001.08.07"]
[Round "3"]
[White "Jianu, Vlad Cristian"]
[Black "Grigore, Nicolae Petre"]
[Result "1-0"]
[WhiteElo "2402"]
[BlackElo "2407"]
[PlyCount "137"]
[EventDate "2001.08.05"]
[EventType "tourn"]
[EventRounds "11"]
[EventCountry "ROM"]
[EventCategory "3"]
[Source "Fruth,M"]
[SourceDate "2003.05.15"]

1. c4 e6 2. d4 d5 3. Nf3 Nf6 4. Nc3 Be7 5. Bg5 O-O 6. e3 h6 7. Bh4 b6 8. Qc2
Bb7 9. Be2 c5 10. O-O Nbd7 11. Rfd1 Rc8 12. dxc5 bxc5 13. Bg3 Qb6 14. cxd5 exd5
15. Nh4 Rfd8 16. Bf3 Qe6 17. Nb5 Ne5 18. Nxa7 Rb8 19. Nb5 d4 20. Bxe5 Qxe5 21.
Bxb7 Rxb7 22. exd4 cxd4 23. Nxd4 Rxd4 24. Qc8+ Bf8 25. Rxd4 Qxd4 26. Qxb7 Qxh4
27. Qf3 Bc5 28. Rc1 Qd4 29. g3 Ne4 30. Rd1 Qe5 31. Re1 f5 32. Kg2 Kh7 33. Qe2
Bb4 34. Rd1 Qf6 35. f3 Ng5 36. a3 Bd6 37. b4 Qg6 38. Qa6 Nf7 39. Qd3 h5 40. Kf2
Be5 41. f4 Bb8 42. h3 h4 43. g4 Nd6 44. Kf3 Qe8 45. Rc1 Ba7 46. Kg2 Be3 47. Rf1
Qe6 48. Re1 Nc4 49. Qxf5+ Qxf5 50. gxf5 Bd2 51. Re2 Bc3 52. a4 Nb6 53. a5 Nd5
54. a6 Nxf4+ 55. Kf3 Nxe2 56. a7 Nd4+ 57. Ke4 Nb5 58. a8=Q Bxb4 59. Qb8 Nc3+
60. Kd3 Nd5 61. Kc4 Ne3+ 62. Kxb4 Nxf5 63. Qf4 Kg6 64. Kc4 Kf6 65. Kd5 g6 66.
Qe5+ Kg5 67. Ke6 Kh5 68. Kf6 Kh6 69. Qe8 1-0

[Event "Serbia-ch TT"]
[Site "Jahorina"]
[Date "2001.08.14"]
[Round "4"]
[White "Benkovic, Petar"]
[Black "Brenjo, Slavisa"]
[Result "0-1"]
[WhiteElo "2414"]
[BlackElo "2445"]
[PlyCount "99"]
[EventDate "2001.08.11"]
[EventType "team"]
[EventRounds "9"]
[EventCountry "YUG"]
[Source "Fruth,M"]
[SourceDate "2003.05.15"]

1. Nf3 Nf6 2. c4 e6 3. d4 d5 4. Nc3 Be7 5. Bg5 O-O 6. e3 h6 7. Bh4 b6 8. Be2
Bb7 9. Bxf6 Bxf6 10. cxd5 exd5 11. O-O Nd7 12. Qb3 c6 13. Rfd1 Qe7 14. Bf1 Rfd8
15. g3 Nf8 16. Bg2 Ne6 17. Rac1 Ng5 18. Nxg5 hxg5 19. Qa4 a5 20. Rd2 Rac8 21.
Qd1 Ba6 22. Rdc2 Qa7 23. Bh3 Rc7 24. Na4 Rd6 25. b3 g6 26. Nc3 Re7 27. Bg2 Kg7
28. Na4 Bb7 29. Qd2 Re8 30. Nb2 Rde6 31. Bh3 R6e7 32. Na4 Rh8 33. Bg4 Rd8 34.
Bh3 Rd6 35. b4 axb4 36. Qxb4 c5 37. dxc5 bxc5 38. Qxc5 Qb8 39. Qb5 d4 40. exd4
Rxd4 41. Bg2 Qa8 42. Nb6 Qd8 43. a4 Rd1+ 44. Bf1 Rxc1 45. Rxc1 Bd4 46. Rc2 Qxb6
47. Qxg5 Re1 48. Qd2 Rb1 49. a5 Qf6 50. Rc4 0-1

[Event "Kladovo IT"]
[Site "Kladovo"]
[Date "2001.08.22"]
[Round "10"]
[White "Rajkovic, Dusan"]
[Black "Sulypa, Alexandre"]
[Result "1/2-1/2"]
[WhiteElo "2497"]
[BlackElo "2516"]
[PlyCount "28"]
[EventDate "2001.08.13"]
[EventType "tourn"]
[EventRounds "10"]
[EventCountry "YUG"]
[EventCategory "12"]
[Source "Fruth,M"]
[SourceDate "2003.05.15"]

1. d4 d5 2. c4 e6 3. Nc3 Be7 4. Nf3 Nf6 5. Bg5 h6 6. Bh4 O-O 7. e3 b6 8. Rc1
Bb7 9. Bxf6 Bxf6 10. cxd5 exd5 11. b4 c6 12. Qb3 a5 13. bxa5 Rxa5 14. a4 Nd7
1/2-1/2